| 000 | 01030nam0a2200289 4500 | ||
|---|---|---|---|
| 001 | RU\NLR\bibl\1438923 | ||
| 005 | 20250615223958.0 | ||
| 010 |
_a978-5-699-36839-6 _94000 |
||
| 021 |
_aRU _b2009-79991 _9406д |
||
| 035 | _a(NLR Aleph) 001430785 | ||
| 090 |
_a1401316 _c1401316 |
||
| 100 | _a20091116d2009 |||y0rusy50 ca | ||
| 101 | 1 |
_arus _ceng |
|
| 102 | _aRU | ||
| 105 | _aa ||||||||| | ||
| 200 | 1 |
_aЖенские болезни _eэффективные методы лечения _f[пер. с англ. Ю. Рыбаковой] |
|
| 210 |
_aМосква _cЭксмо _d2009 |
||
| 215 |
_a63 с. _cцв. ил. _d22 |
||
| 225 | 1 | _aМед-экспресс | |
| 225 | 1 | _aЖурнал "Про здоровье" рекомендует | |
| 606 | 1 |
_aГинекологические болезни _jПопулярные издания _xТерапия _9996988 _3RU\NLR\auth\6659689 |
|
| 686 | _aР715-5я9 | ||
| 801 | 0 |
_aRU _bNLR _c20091116 _gRCR |
|
| 801 | 1 |
_aRU _bNLR _c20091116 |
|
| 942 | _cBOOK | ||
| 980 | _aNB | ||